Holiday Quiz

Random Holiday or Sporcle Quiz

Sporc-tacular Fathers Quiz Stats

 Plays Quiz Updated Jun 20, 2017

Support Sporcle.
Go Orange.
Score 0/15 Timer 03:00
2 Plays Today
Hint Answer % Correct
In the United States, the third Sunday in JuneFather's Day
85.3%
Capital city of IraqBaghdad
81%
A term used to describe a corny or predictable gag, traditionally told by male parentsDad Joke
74.3%
Sean Combs stage name in '97 and '98Puff Daddy
61.9%
1986 Madonna songPapa Don't Preach
60.4%
Web-hosting company previously endorsed by Danica PatrickGoDaddy.com
59.9%
Catholic prayer known in Latin as the Pater NosterThe Our Father
56.7%
NL West Major League Baseball teamSan Diego Padres
55.3%
Hint Answer % Correct
Steve Martin, Diane Keaton ComedyFather of the Bride
53.4%
1950's CBS comedy about the Anderson familyFather Knows Best
42.9%
Nickname for James MadisonFather of the Constitution
38.5%
Hasbro game about sneaking past a snoozing parentDon't Wake Daddy
33.2%
In Norse mythology, one of Odin's many nicknamesAllfather
23%
Novel by Ivan TurgenevFathers and Sons
14.3%
Danish priest credited with developing four of the principles of stratigraphyFather Nicolas Steno
4.2%

You're not logged in!

Compare scores with friends on all Sporcle quizzes.
OR
Log In
Forgot?

From the Vault

Tough Choices: Religion Edition

by Purple_Parrot

Religion isn't an exact science, but that doesn't mean there aren't facts and figures.
Remove Ads.
Support Sporcle.
Get the best of Sporcle when you Go Orange. This ad-free experience offers more features, more stats, and more fun while also helping to support Sporcle. Thank you for becoming a member.

Show Comments

Extras

Top Quizzes Today


Score Distribution

Your Account Isn't Verified!

In order to create a playlist on Sporcle, you need to verify the email address you used during registration. Go to your Sporcle Settings to finish the process.

Report this User

Report this user for behavior that violates our Community Guidelines.

Details: